书目信息 |
| 题名: |
国有林场基本实现现代化
|
|
| 作者: | ;中国社会科学评价研究院 , 中国林业经济学会 编著 | |
| 分册: | ||
| 出版信息: | 北京 社会科学文献出版社·国际出版分社 2019 |
|
| 页数: | 274页 | |
| 开本: | 24cm | |
| 丛书名: | ||
| 单 册: | ||
| 中图分类: | F326.2 | |
| 科图分类: | ||
| 主题词: | 国营林场--guo ying lin chang--现代化建设--研究报告--中国 | |
| 电子资源: | ||
| ISBN: | 978-7-5201-4070-6 | |
| 000 | 01678nam0 2200265 450 | |
| 001 | 2159257385 | |
| 005 | 20210926145334.0 | |
| 010 | @a978-7-5201-4070-6@dCNY98.00 | |
| 100 | @a20190313d2019 em y0chiy0120 ea | |
| 101 | 0 | @achi |
| 102 | @aCN@b110000 | |
| 105 | @aa z 000yy | |
| 106 | @ar | |
| 200 | 1 | @a国有林场基本实现现代化@Aguo you lin chang ji ben shi xian xian dai hua@e原山林场评估报告@f中国社会科学评价研究院,中国林业经济学会编著 |
| 210 | @a北京@c社会科学文献出版社·国际出版分社@d2019 | |
| 215 | @a274页@c彩图@d24cm | |
| 300 | @a机构评估 | |
| 330 | @a本书总结概括了原山60年以来尤其是改革开放40年来发展变化的规律和经验。并结合原山实际,以森林保护优先、产业发展充分、基础设施完备、文化底蕴丰厚、治理科学高效、职工生活富裕、林场美丽和谐、全面从严治党等8个方面为重点初步制定了国有林场基本实现现代化体评价指标体系,为评价国有林场实现现代化提供了评价方法论依据。本书对加强制度建设、规范林场管理在林业现代化中的作用进行了深入剖析,总结了原山林场依靠优良的管理文化提升治理体系和治理能力现代化的基本经验,并提出了加强治理能力现代化需要努力的方向,从实践层面为其他国有林场现代化建设提供了借鉴。在总结原山现代化建设经验的基础上,分析了世界林业发展动态,介绍了世界林业现代化的相关理论,将我国林业现代化建设纳入到全球范围内去考量,从更大、更广阔的视野去推进林业现代化。 | |
| 517 | 1 | @a原山林场评估报告@Ayuan shan lin chang ping gu bao gao |
| 606 | 0 | @a国营林场@Aguo ying lin chang@x现代化建设@x研究报告@y中国 |
| 690 | @aF326.2@v5 | |
| 711 | 02 | @a中国社会科学评价研究院@Azhong guo she hui ke xue ping jia yan jiu yuan@4编著 |
| 711 | 02 | @a中国林业经济学会@Azhong guo lin ye jing ji xue hui@4编著 |
| 801 | 0 | @aCN@b百万庄@c20210926 |
| 905 | @b1299396-99@dF326.2@e201@f4 | |
| 国有林场基本实现现代化:原山林场评估报告/中国社会科学评价研究院,中国林业经济学会编著.-北京:社会科学文献出版社·国际出版分社,2019 |
| 274页:彩图;24cm |
| 机构评估 |
| ISBN 978-7-5201-4070-6:CNY98.00 |
| 本书总结概括了原山60年以来尤其是改革开放40年来发展变化的规律和经验。并结合原山实际,以森林保护优先、产业发展充分、基础设施完备、文化底蕴丰厚、治理科学高效、职工生活富裕、林场美丽和谐、全面从严治党等8个方面为重点初步制定了国有林场基本实现现代化体评价指标体系,为评价国有林场实现现代化提供了评价方法论依据。本书对加强制度建设、规范林场管理在林业现代化中的作用进行了深入剖析,总结了原山林场依靠优良的管理文化提升治理体系和治理能力现代化的基本经验,并提出了加强治理能力现代化需要努力的方向,从实践层面为其他国有林场现代化建设提供了借鉴。在总结原山现代化建设经验的基础上,分析了世界林业发展动态,介绍了世界林业现代化的相关理论,将我国林业现代化建设纳入到全球范围内去考量,从更大、更广阔的视野去推进林业现代化。 |
| ● |
| 相关链接 |
|
|
|
|
正题名:国有林场基本实现现代化
索取号:F326.2/201
 
预约/预借
| 序号 | 登录号 | 条形码 | 馆藏地/架位号 | 状态 | 备注 |
| 1 | 1299396 | 212993965 | 第一样本阅览室/ [索取号:F326.2/201] | 在馆 | |
| 2 | 1299397 | 212993974 | 第一借阅区/ [索取号:F326.2/201] | 在馆 | |
| 3 | 1299398 | 212993983 | 第一借阅区/ [索取号:F326.2/201] | 在馆 | |
| 4 | 1299399 | 212993992 | 第一借阅区/ [索取号:F326.2/201] | 在馆 |